Statistiques concernant France : plus grandes villes (sauf chef-lieux)

Cliquez ici pour prendre le quiz!

Statistiques générales

  • Ce quiz a été pris 48 fois
  • Le résultat moyen est 44 sur 100

Statistiques - réponses

DépartementsRéponses% Correct
29Finistère *Brest
84%
13Bouches-du-RhôneAix-en-Provence
78%
34HéraultBéziers
76%
06Alpes-MaritimesCannes
76%
01AinOyonnax
76%
08ArdennesSedan
76%
19Corrèze *Brive-la-Gaillarde
73%
03Allier *Montluçon
73%
02Aisne *Saint-Quentin
73%
21Côte-d'OrBeaune
68%
05Hautes-AlpesBriançon
68%
12AveyronMillau
68%
51Marne *Reims
68%
11Aude *Narbonne
65%
17Charente-MaritimeSaintes
65%
35Ille-et-VilaineSaint-Malo
65%
30GardAlès
62%
24DordogneBergerac
62%
50Manche *Cherbourg-en-Cotentin
62%
56Morbihan *Lorient
62%
68Haut-Rhin *Mulhouse
62%
69RhôneVilleurbanne
62%
62Pas-de-Calais *Calais
59%
16CharenteCognac
59%
39Jura *Dole
59%
22Côtes-d'ArmorLannion
59%
2ACorse-du-SudPorto-Vecchio
59%
59NordTourcoing
59%
07Ardèche *Annonay
57%
64Pyrénées-AtlantiquesBayonne
57%
49Maine-et-LoireCholet
57%
40LandesDax
57%
76Seine-Maritime *Le Havre
57%
33GirondeMérignac
57%
25DoubsMontbéliard
57%
26DrômeMontélimar
57%
44Loire-AtlantiqueSaint-Nazaire
57%
09Ariège *Pamiers
54%
15CantalSaint-Flour
54%
18CherVierzon
54%
71Saône-et-Loire *Chalon-sur-Saône
51%
31Haute-GaronneColomiers
49%
28Eure-et-LoirDreux
49%
23CreuseLa Souterraine
49%
04Alpes-de-Haute-Provence *Manosque
49%
80SommeAbbeville
46%
46LotFigeac
46%
57MoselleThionville
46%
73SavoieAix-les-Bains
43%
81TarnCastres
43%
67Bas-RhinHaguenau
43%
65Hautes-PyrénéesLourdes
43%
55Meuse *Verdun
43%
36IndreIssoudun
41%
37Indre-et-LoireJoué-les-Tours
41%
77Seine-et-Marne *Meaux
41%
93Seine-Saint-Denis *Saint-Denis
41%
74Haute-SavoieAnnemasse
38%
52Haute-Marne *Saint-Dizier
38%
47Lot-et-GaronneVilleneuve-sur-Lot
38%
60OiseCompiègne
35%
83VarLa Seyne-sur-Mer
35%
85VendéeLes Sables-d'Olonne
35%
84VaucluseOrange
35%
42LoireSaint-Chamond
35%
95Val-d'Oise *Argenteuil
32%
72SartheLa Flèche
32%
38IsèreSaint-Martin-d'Hères
32%
92Hauts-de-Seine *Boulogne-Billancourt
30%
79Deux-SèvresBressuire
30%
66Pyrénées-OrientalesCanet-en-Roussillon
30%
82Tarn-et-GaronneCastelsarrasin
30%
53MayenneChateau-Gontier-sur-Mayenne
30%
971Guadeloupe *Les Abymes
30%
48LozèreMarvejols
30%
45LoiretOlivet
30%
41Loir-et-CherRomorantin-Lanthenay
30%
974La RéunionSaint-Paul
30%
54Meurthe-et-MoselleVandœuvre-lès-Nancy
30%
94Val-de-Marne *Vitry-sur-Seine
30%
58NièvreCosne-Cours-sur-Loire
27%
63Puy-de-DômeCournon-d'Auvergne
27%
61OrneFlers
27%
14CalvadosHérouville-Saint-Clair
27%
88VosgesSaint-Dié-des-Vosges
27%
2BHaute-CorseBorgo
24%
86VienneChâtellerault
24%
89YonneSens
24%
27EureVernon
24%
973GuyaneSaint-Laurent-du-Maroni
22%
91EssonneCorbeil-Essonnes
19%
32GersL'Isle-Jourdain
19%
10AubeRomilly-sur-Seine
19%
90Territoire de BelfortDelle
16%
70Haute-SaôneHéricourt
16%
972MartiniqueLe Lamentin
14%
43Haute-LoireMonistrol-sur-Loire
11%
87Haute-VienneSaint-Junien
11%
78YvelinesSartrouville
11%
976MayotteL'abattoir
0%

Distribution des résultats

Percentile par nombre de réponses

% des personnes avec chaque résultat

Votre développement - résultats

Vous n’avez pas pris ce quiz